000 00329nam a2200157Ia 4500
100 _aHabraken/Joe
650 _aLinux
942 _cBK
366 _f25
654 _anovell linux
245 _aNovell Linux Desktop 9:Users Handbook
260 _bNovell
_c2006
082 _a5.133
_bHAB
300 _a435
546 _aENGLISH
999 _c21013
_d21013